|
|
|
|
| LEADER |
00000ny a22000003n 4500 |
| 005 |
20110623130244.0 |
| 006 |
m u |
| 007 |
cr cn||||||||| |
| 008 |
200807r2007 sp |||||s|||||||||||spa d |
| 020 |
|
|
|a 9788498490770
|
| 035 |
|
|
|a 2428
|
| 040 |
|
|
|a FlNmELB
|c FlNmELB
|d vlex
|
| 050 |
1 |
4 |
|a JC423
|b A285 2007eb
|
| 080 |
|
|
|a 321.7 080:342.57 650 04
|
| 090 |
|
|
|c 1219
|d 1219
|
| 100 |
1 |
|
|a Ahedo Gurrutxaga, Igor
|
| 245 |
1 |
0 |
|a Democracia participativa y desarrollo humano
|h [Recurso electrn̤ico]
|c Editado por Igor Ahedo Gurrutxaga, Pedro Ibarra Güell
|
| 256 |
|
|
|a Servicio en ln̕ea
|
| 260 |
|
|
|a Madrid :
|b Dykinson,
|c 2007
|
| 300 |
|
|
|a 7-318 p
|
| 506 |
1 |
|
|a Contenido solo disponible en los productos indicados
|d vLex Global
|d vLex Global (Academic Edition, excluding Law Schools)
|d vLex Global (U.S. Academic Edition, Law Schools)
|d vLex Global (U.S. Academic Edition, excluding Law Schools)
|d vLex Global (Academic Edition, Law Schools)
|
| 650 |
0 |
7 |
|a Constitucional
|2 Tesauro vLex
|
| 650 |
0 |
7 |
|a Derechos humanos
|2 Tesauro vLex
|
| 650 |
0 |
7 |
|a Derecho de participacin̤
|2 Tesauro vLex
|
| 650 |
0 |
7 |
|a Participacin̤ ciudadana
|2 Tesauro vLex
|
| 700 |
1 |
|
|a Ibarra Güell, Pedro,
|e ed
|
| 740 |
0 |
|
|a vLex Libros (Servicios en ln̕ea)
|
| 856 |
4 |
0 |
|u http://vlex.com/source/2428
|z Acceso restringido
|
| 942 |
|
|
|c BOOK
|